UITU Library & LRC     

Assembly Language Programming and Organization of The IBM PC (Record no. 6862)

MARC details
000 -LEADER
fixed length control field 00518nam a2200181Ia 4500
008 - FIXED-LENGTH DATA ELEMENTS--GENERAL INFORMATION
fixed length control field 240925s9999 xx 000 0 und d
020 ## - INTERNATIONAL STANDARD BOOK NUMBER
International Standard Book Number 71128964
082 ## - DEWEY DECIMAL CLASSIFICATION NUMBER
Classification number 005.265 YTH
100 ## - MAIN ENTRY--PERSONAL NAME
Personal name Yu , Ytha -; Charles Marut -
245 #0 - TITLE STATEMENT
Title Assembly Language Programming and Organization of The IBM PC
250 ## - EDITION STATEMENT
Edition statement NA
260 ## - PUBLICATION, DISTRIBUTION, ETC.
Place of publication, distribution, etc. Toronto:
Name of publisher, distributor, etc. Mc Graw-Hill
Date of publication, distribution, etc. ,1992.
300 ## - PHYSICAL DESCRIPTION
Extent 205p.
Other physical details NA
Type of unit Photocopy
500 ## - GENERAL NOTE
General note NA
600 ## - SUBJECT ADDED ENTRY--PERSONAL NAME
Personal name Computer Science
650 ## - SUBJECT ADDED ENTRY--TOPICAL TERM
Topical term or geographic name entry element Computer science, information & general works
942 ## - ADDED ENTRY ELEMENTS (KOHA)
Koha item type Books
Holdings
Withdrawn status Lost status Damaged status Not for loan Collection Home library Current library Date acquired Source of acquisition Total checkouts Full call number Barcode Date last seen Price effective from Koha item type
        Computer Science UITU Library UITU Library 05/21/2002 Gift   005.265 YTH Q4363 09/25/2024 09/25/2024 Books

Powered by Koha